| 000 | 01895nam a22003377a 4500 | ||
|---|---|---|---|
| 005 | 20081106152229.0 | ||
| 008 | 081106t xxu||||| |||| 00| 0 ur d | ||
| 010 | _aUR-7443-7447 | ||
| 020 | _c150.00 ( v.1) | ||
| 020 | _c150.00 (v.2) | ||
| 020 | _c150.00 (v.3) | ||
| 020 | _c150.00 (v.4) | ||
| 020 | _c200.00 (v.5) | ||
| 035 | _aU-5998-6002 | ||
| 037 | _bD.B.Act / Pub | ||
| 082 | _a270.2 | ||
| 245 |
_aقر آن منظوم (جلد اول _cمترجم:مجمد سميع اللہ اسد |
||
| 246 |
_aQuran-e- Manzoom _bedited by Mohd . Samiullah Asad |
||
| 260 |
_aکلکتہ _bعر فان پبلی کيشنز _c2003 |
||
| 270 |
_aBB-27,Salt lake City , _bکلکتہ _e64 _k23345298 _mprofasad@hotmail.com |
||
| 300 |
_a5 v (200p.; 200p.;219p.; 240p.; 304p.) _c22cm (Hb) |
||
| 650 | _a Farhang andTafseer | ||
| 650 | _aفر ہنگ و تفسير | ||
| 700 | _aمترجم: مجمد سميع اللہ اسد | ||
| 942 |
_adpl _cUR _2ddc _h270.2 _mق ر آ |
||
| 999 |
_c7324 _d7324 |
||